Vivienda vertical para clase media : Curridabat Distrito 1°
Gardado en:
| Autor Principal: | |
|---|---|
| Outros autores: | |
| Formato: | Libro |
| Idioma: | Spanish |
| Publicado: |
[San José, Costa Rica]
2018
|
| Materias: | |
| Etiquetas: |
Engadir etiqueta
Sen Etiquetas, Sexa o primeiro en etiquetar este rexistro!
|
MARC
| LEADER | 00000nam a22000007a 4500 | ||
|---|---|---|---|
| 003 | EA0218 | ||
| 005 | 20230302111222.0 | ||
| 008 | 181008b2018 cr a|||| m||| 00| ||spa d | ||
| 040 | |c cru CEDI | ||
| 090 | |a TFG EA-218 | ||
| 100 | |9 14215 |a Coronado Alfaro, Gabriela | ||
| 245 | |a Vivienda vertical para clase media : Curridabat Distrito 1° | ||
| 260 | |a [San José, Costa Rica] |c 2018 | ||
| 300 | |a xxiv, 278 páginas : ilustraciones a color. | ||
| 500 | |a Proyecto de graduación(licenciatura en arquitectura)--Universidad de Costa Rica. Facultad de Ingeniería. Escuela de Arquitectura | ||
| 501 | |a Director de Proyecto de Graduación: Mag. Arq. Rodolfo Molina Granados | ||
| 650 | |x CONDOMINIO - CURRIDABAT (SAN JOSE, COSTA RICA) |x DISEÑO URBANO - CURRIDABAT (SAN JOSE, COSTA RICA) |x CLASE MEDIA - VIVIENDA - CURRIDABAT (SAN JOSE, COSTA RICA) | ||
| 700 | |9 66 |a Molina Granados, Rodolfo, 1950- |d Director del TFG | ||
| 942 | |c CEDI | ||
| 999 | |c 20941 |d 20941 | ||
